000 00618nam a2200229Ia 4500
003 OSt
005 20220928102733.0
006 a|||||r|||| 00| 0
007 ta
008 220927b |||||||| |||| 00| 0 eng d
024 _a62265
037 _cTextual
040 _aSDCL
_cSDCL
_beng
041 _2eng
_aeng
082 _aDelta42:87x1,1, M4
100 _aDwarikadas Sastri Ed.
_9400123
245 0 _aGuhyasamaja tantra
260 _aVaranasi
_bBuddha Bharti
_c1984
300 _a177p
_ccm.
942 _hDelta42:87x1,1, M4
_cTEXL
_2CC
999 _c716027
_d716027